[Event "SVK-ch U12"]
[Site "Tatralandia"]
[Date "2025.05.14"]
[Round "5"]
[White "Verespej, Daniel"]
[Black "Gres, Denis"]
[Result "1-0"]
[WhiteElo "1000"]
[BlackElo "1000"]
[PlyCount "75"]
[EventDate "2025.05.11"]
[EventType "swiss"]
[EventRounds "9"]
[EventCountry "SVK"]
[SourceTitle "CB21_2025"]
[SourceDate "2025.05.21"]
[SourceVersion "1"]
[SourceVersionDate "2025.05.21"]
[SourceQuality "1"]

1. e4 e5 2. Nf3 Nc6 3. Bc4 Bc5 4. Nxe5 Qf6 5. Bxf7+ Kd8 6. d4 Bxd4 7. Nxc6+ dxc6 8. Be3 Qxf7 9. Qxd4+ Bd7 10. 0-0 Nf6 11. Bg5 b6 12. b4 h6 13. Bxf6+ gxf6 14. Nc3 Rg8 15. Rfe1 Qg7 16. g3 c5 17. bxc5 bxc5 18. Qd5 c6 19. Qxc5 Rf8 20. Qa5+ Ke8 21. e5 f5 22. Na4 c5 23. Nxc5 Rc8 24. e6 Bc6 25. e7 Rf7 26. Ne6 Qf6 27. Nc7+ Rxc7 28. Qxc7 Rxe7 29. Rxe7+ Qxe7 30. Qxe7+ Kxe7 31. Re1+ Kf6 32. h3 h5 33. Rd1 Bf3 34. Rd6+ Kg5 35. h4+ Kg4 36. Kh2 f4 37. Rg6+ Kf5 38. Rg5+ 1-0